| Tag |
First Indicator |
Second Indicator |
Subfields |
| LEADER |
00000cam a2200000 4500 |
| 001 |
in00000052957 |
| 005 |
20151007074236.0 |
| 008 |
760527s1960 enka b 00000 eng |
| 010 |
|
|
|a 61004501
|
| 035 |
|
|
|a (OCoLC)02197935
|
| 035 |
|
|
|9 AAF1181AM
|
| 040 |
|
|
|a DLC
|c EYM
|d TXA
|d UtOrBLW
|
| 049 |
|
|
|a TXAM
|c [453151]
|
| 050 |
0 |
0 |
|a QK604
|b .C6
|
| 082 |
0 |
|
|a 589.2
|
| 092 |
|
|
|a 589.2
|b C734h, 1960
|
| 110 |
2 |
|
|a Commonwealth Mycological Institute (Great Britain)
|
| 245 |
1 |
0 |
|a Herb. I. M. I. handbook ;
|b methods in use at the Commonwealth Mycological Institute.
|
| 264 |
|
1 |
|a Kew [England],
|b [publisher not identified] ;
|c 1960.
|
| 300 |
|
|
|a 103 pages :
|b illustrations ;
|c 19 cm.
|
| 336 |
|
|
|a text
|b txt
|2 rdacontent
|
| 337 |
|
|
|a unmediated
|b n
|2 rdamedia
|
| 338 |
|
|
|a volume
|b nc
|2 rdacarrier
|
| 504 |
|
|
|a Includes bibliography.
|
| 650 |
|
0 |
|a Mycology.
|
| 999 |
|
|
|a MARS
|
| 999 |
f |
f |
|s 53e89fa0-c457-3824-a7fa-c32b7c7b916c
|i 7262f164-5839-304a-85a0-6193acfdd2a7
|t 0
|
| 952 |
f |
f |
|p ric
|a Texas A&M University
|b Rellis Campus
|c Joint Library Facility
|d Remote Storage
|t 0
|e QK604 .C6
|h Library of Congress classification
|i unmediated -- volume
|m A14800998349
|
| 998 |
f |
f |
|a QK604 .C6
|t 0
|l Remote Storage
|